| 000 | 00457 a2200169 4500 | ||
|---|---|---|---|
| 005 | 20260320121843.0 | ||
| 008 | 260320b |||||||| |||| 00| 0 eng d | ||
| 020 | _a9780262049450/ | ||
| 040 | _cSDCL | ||
| 041 |
_2eng _aeng |
||
| 084 | _aX652 R4 | ||
| 100 | _aFabozzi, Frank J. | ||
| 245 | _aIntroduction to Fixed-Income Analysis and Portfolio Management | ||
| 260 |
_aCambridge : _bMIT Press, _c2024. |
||
| 300 | _axxxiii, 582p. | ||
| 942 |
_cTEXL _2CC |
||
| 999 |
_c1714956 _d1714956 |
||